Identifie l'acteur représenté en photographie - Statistiques

Statistiques générales
  • Ce quiz a été pris 39 fois
  • Le résultat moyen est 52 sur 100
Statistiques - réponses
Par images Réponse % Correct
Jean Dujardin
94%
Jean Reno
94%
Christian Clavier
91%
Gérard Depardieu
91%
Jean-Paul Belmondo
91%
Bourvil
88%
Coluche
88%
Louis de Funès
88%
Alain Delon
85%
Daniel Auteuil
85%
Dany Boon
85%
Fernandel
85%
Kad Merad
85%
Gérard Jugnot
82%
Vincent Cassel
82%
Jean Gabin
79%
Pierre Niney
79%
Thierry Lhermitte
79%
Didier Bourdon
76%
Franck Dubosc
76%
Michaël Youn
76%
Michel Blanc
76%
Elie Semoun
73%
Jean Rochefort
73%
Pascal Légitimus
73%
Pierre Richard
73%
Clovis Cornillac
70%
Guillaume Canet
70%
Jacques Villeret
70%
Jean-Paul Rouve
70%
Gilles Lellouche
67%
Michel Galabru
67%
Yves Montand
67%
Eric Judor
64%
Lino Ventura
64%
Fabrice Luchini
61%
François Cluzet
61%
Gérard Darmon
61%
Jean-Pierre Bacri
61%
José Garcia
61%
Gérard Lanvin
58%
Jean Marais
58%
Pierre Arditi
58%
Bernard Blier
55%
Claude Brasseur
55%
Guy Marchand
55%
Jacques Dutronc
55%
Jean-Pierre Castaldi
55%
Philippe Noiret
55%
Roger Hanin
55%
Patrick Dewaere
52%
Vincent Lindon
52%
André Dussollier
48%
Francis Huster
48%
Jean Lefebvre
48%
Michel Serrault
48%
Albert Dupontel
45%
Aldo Maccione
45%
Bernard Campan
45%
Bernard Giraudeau
45%
Jean Carmet
45%
Jean-Pierre Darroussin
45%
Jean-Pierre Marielle
45%
Michel Piccoli
45%
Pierre Mondy
45%
Raimu
45%
Benoît Magimel
42%
Jean Benguigui
42%
Roschdy Zem
42%
Jean-Louis Trintignant
39%
Jean-Pierre Cassel
39%
Richard Berry
39%
Robert Hossein
39%
Bruno Cremer
36%
Francis Perrin
36%
François-Xavier Demaison
36%
Francis Blanche
33%
Philippe Torreton
33%
Vincent Elbaz
33%
Jacques François
27%
Henri Guybet
24%
Jean-Hugues Anglade
24%
Michel Constantin
24%
Nicolas Duvauchelle
24%
Paul Meurisse
24%
Pierre Tornade
24%
Charles Denner
18%
Charles Vanel
18%
Louis Jouvet
18%
Michel Simon
18%
André Pousse
15%
Charles Gérard
12%
François Périer
12%
Jean Bouise
12%
Maurice Ronet
12%
Noël Roquevert
12%
Marcel Bozuffi
9%
Pierre Fresnay
9%
Claude Brosset
6%
Michel Auclair
3%
Aucun quiz correspondant
Distribution des résultats
% des personnes avec chaque résultat
Percentile par nombre de réponses
Votre historique - résultats
Vous n’avez pas pris ce quiz